| 000 | 00729nam a2200205 a 4500 | ||
|---|---|---|---|
| 001 | 000021059 | ||
| 005 | 20240226135234.0 | ||
| 008 | 100830s1982 dr a 001 0 spa d | ||
| 040 |
_aDO-SdBNP _bspa _cBNPHU |
||
| 082 | _aV494g | ||
| 100 | 1 |
_aVergara, Benito S. _944047 |
|
| 240 | 1 | 0 | _aA farmer's primer on growing rice |
| 245 | 1 | 0 |
_aGuía para el nuevo arrocero / _cBenito S. Vergara ; presentación Domingo Marte, N. C. Brady ; traducción Federico Cuevas Pérez. |
| 260 |
_aSanto Domingo : _bSecretaría de Estado de Agricultura, _c1982. |
||
| 300 |
_a221 p. : _bil. ; _c23 cm. |
||
| 700 | 1 |
_aMarte, Domingo, _d1939- _910487 |
|
| 700 | 1 |
_aBrady, N.C. _944048 |
|
| 700 | 1 |
_aCuevas Pérez, Federico _etr. _944049 |
|
| 049 | _aBNPD | ||
| 999 |
_c20562 _d20562 |
||